Forms manual for the CPA (Record no. 63251)

MARC details
000 -LEADER
fixed length control field 00813nam a2200181 a 4500
008 - FIXED-LENGTH DATA ELEMENTS--GENERAL INFORMATION
fixed length control field 120416s1980 ||||||||||||||||| || u
050 ## - LIBRARY OF CONGRESS CALL NUMBER
Classification number HF 5681.B2 New
100 ## - MAIN ENTRY--PERSONAL NAME
Personal name Newman, Benjamin
245 10 - TITLE STATEMENT
Title Forms manual for the CPA
246 ## -
-- for audit, review, and compilation of financial statements
260 ## - PUBLICATION, DISTRIBUTION, ETC.
Place of publication, distribution, etc. New York
Name of publisher, distributor, etc. John Wiley and Sons
Date of publication, distribution, etc. 1980
300 ## - PHYSICAL DESCRIPTION
Extent xxi, 574p. : ill.
350 ## -
-- 0.00
650 #0 - SUBJECT ADDED ENTRY--TOPICAL TERM
Topical term or geographic name entry element ACCOUNTING--HANDBOOKS, MANUALS, ETC
650 ## - SUBJECT ADDED ENTRY--TOPICAL TERM
Topical term or geographic name entry element FINANCIAL ACCOUNTING
995 ## -
-- ANNEX COLLECTION (Main Library)
-- 0.00
-- 704389
-- CBU-MAIN LIBRARY (Kitwe)
-- 1
-- 0.00
-- HF 5681.B2 New
-- 1
-- AVAILABLE
-- 006805
-- Annex Low-Usage Collection
995 ## -
-- MAIN LIBRARY OPEN ACCESS
-- 0.00
-- 704390
-- CBU-MAIN LIBRARY (Kitwe)
-- 2
-- 0.00
-- HF 5681.B2 New
-- 2
-- AVAILABLE
-- 006808
-- Main Library Open Access Collection
999 ## -
-- 63251
-- 63251
Holdings
Withdrawn status Lost status Source of classification or shelving scheme Damaged status Not for loan Permanent Location Current Location Shelving location Date acquired Total Checkouts Full call number Barcode Date last seen Price effective from Koha item type
          CBU-MAIN LIBRARY, KITWE. CBU-MAIN LIBRARY, KITWE.   12/24/2022   HF 5681.B2 New 006805 12/24/2022 12/24/2022 MONOGRAPH
          CBU-MAIN LIBRARY, KITWE. CBU-MAIN LIBRARY, KITWE.   12/24/2022   HF 5681.B2 New 006808 12/24/2022 12/24/2022 MONOGRAPH